| 000 | 00756nas a2200253 4500 | ||
|---|---|---|---|
| 001 | BR9203297 | ||
| 003 | BR-BrBNA | ||
| 005 | 20231205092627.0 | ||
| 007 | ta | ||
| 008 | 230509b bl.|||p| |||| 00| 00por d | ||
| 040 |
_aBR-BrBNA _bpor _cBiblioteca Nacional de Agricultura |
||
| 041 | _a(Pt) | ||
| 072 | _aF02 | ||
| 100 | 1 | _aReck, S.R. | |
| 100 | 1 | _aPorto, O. de M. | |
| 100 | 1 | _aBraum, J. | |
| 245 | 1 | _aPorta-enxertos para tangerina (Citrus deliciosa Tenore)no Rio Grande do Sul | |
| 650 | _aTANGERINA | ||
| 650 | _aPORTA ENXERTO | ||
| 650 | _aREPRODUCAO VEGETAL | ||
| 773 | 0 |
_tAgronomia Sulriograndense (Brazil) _xISSN 0400-8111 _g(Feb 1988), v. 24(2) p. 201-207 _wBR9203297 |
|
| 909 |
_a202311 _bLúcia _c55 _dLúcia Elande |
||
| 942 |
_2AGRIS _n0 _cANA |
||
| 999 |
_c132977 _d132977 |
||